Statistics for Top 20 Centers in the NHL 2017

Click here to take the quiz!

General Stats

  • This quiz has been taken 93 times
  • The average score is 13 of 20

Answer Stats

Answer% Correct
Connor McDavid
95%
Sidney Crosby
94%
Steven Stamkos
85%
Jonathan Toews
83%
Evgeni Malkin
80%
Patrice Bergeron
76%
Aleksander Barkov
72%
Auston Matthews
71%
Nicklas Backstrom
71%
Tyler Seguin
70%
Ryan Getzlaf
68%
Anze Kopitar
67%
John Tavares
66%
Jack Eichel
55%
Leon Draisaitl
50%
Mark Scheifele
49%
Evgeny Kuznetsov
45%
Sean Monahan
40%
Ryan Johansen
35%
Jeff Carter
26%

Score Distribution

Percentile by Number Answered

Percent of People with Each Score

Your Score History

You have not taken this quiz